000 00682nam a2200205 a 4500
001 000031189
005 20240530073935.0
008 110614s1925 dr r 000 e spa d
040 _aDO-SdBNP
_bspa
_cBNPHU
082 _aRD864.4
_bP645d
100 1 _aPina Benite, Manuel
_957661
245 1 0 _aDel pasado /
_cManuel Pina Benite ; prólogo Rafael Emilio Sanabia.
260 _aSanto Domingo :
_bImprenta La Ciudad de América,
_c1925.
300 _a159 p. ;
_c22 cm.
590 _aInventariado, 2018/ YL
650 0 _aEnsayos dominicanos
_965
650 0 _aLiteratura dominicana.
_967
700 1 2 _aSanabia, Rafael Emilio
_eprol.
_926438
910 _aValidado. Control de calidad MFF
999 _c30681
_d30681